HAEMOP ARASITE IN NATIVE CHICKENS (Gallus gallus domesticus L.) AT OTAPONG COMMUNE,BAKAN DISTRICT, PURSAT PROVINCE បរាសិតក្នុងឈាមមាន់ពូជក្នុងស្រុក​ នៅឃុំអូរតាប៉ោងស្រុកបាកាន​ ខេត្តពោធិ័សាត់ (Record no. 18924)

000 -LEADER
fixed length control field 00704nam a22001337a 4500
040 ## - CATALOGING SOURCE
Transcribing agency RUA
082 ## - DEWEY DECIMAL CLASSIFICATION NUMBER
Classification number AVM POV 2018 B658 Or.1
100 ## - MAIN ENTRY--AUTHOR NAME
Personal name POV PHEARA ពៅ ភារ៉ា
245 ## - TITLE STATEMENT
Title HAEMOP ARASITE IN NATIVE CHICKENS (Gallus gallus domesticus L.) AT OTAPONG COMMUNE,BAKAN DISTRICT, PURSAT PROVINCE បរាសិតក្នុងឈាមមាន់ពូជក្នុងស្រុក​ នៅឃុំអូរតាប៉ោងស្រុកបាកាន​ ខេត្តពោធិ័សាត់
260 ## - PUBLICATION, DISTRIBUTION, ETC. (IMPRINT)
Place of publication rua
Name of publisher phnom penh
Year of publication 2018
300 ## - PHYSICAL DESCRIPTION
Number of Pages x;46p
Other physical details ill;
Dimensions 29cm
856 ## - ELECTRONIC LOCATION AND ACCESS
Uniform Resource Identifier https://drive.google.com/file/d/1ihXxriuWo9IEGhdOg12xosPttcHV-6sS/view?usp=sharing
942 ## - ADDED ENTRY ELEMENTS (KOHA)
Koha item type AVM
952 ## - LOCATION AND ITEM INFORMATION (KOHA)
Withdrawn status [LOCAL, KOHA] 0
952 ## - LOCATION AND ITEM INFORMATION (KOHA)
Withdrawn status [LOCAL, KOHA] 0
952 ## - LOCATION AND ITEM INFORMATION (KOHA)
Withdrawn status [LOCAL, KOHA] 0
952 ## - LOCATION AND ITEM INFORMATION (KOHA)
Withdrawn status [LOCAL, KOHA] 0
952 ## - LOCATION AND ITEM INFORMATION (KOHA)
Withdrawn status [LOCAL, KOHA] 0
952 ## - LOCATION AND ITEM INFORMATION (KOHA)
Withdrawn status [LOCAL, KOHA] 0
Holdings
Permanent Location Date acquired Koha item type Lost status Shelving location Barcode Current Location Full call number
Library Block B2020-02-11AVM B658A43653Library Block AAVM POV 2018 B658 Or.
Library Block B2021-01-25AVM B658A43642Library Block BAVM POV 2018 B658 Or.
Library Block B2021-01-25AVM B658A43717Library Block BAVM POV 2018 B658 Or.
Library Block B2020-02-11AVM B658A43352Library Block BAVM POV 2018 B658 Or.
Library Block B2020-02-11AVM B658A45024Library Block BAVM POV 2018 B658 Or.
Library Block B2020-02-11AVM B658A44096Library Block BAVM POV 2018 B658 Or.
មជ្ឈមណ្ឌលឯការនៃសាកលវិទ្យាល័យភូមិន្ទកសិកម្មចំការដូង

Powered by Koha